[Event "36th Cappelle Open 2020"]
[Site "Cappelle-la-Grande"]
[Date "2020.02.26"]
[Round "6.8"]
[White "Bujisho, Benjamin"]
[Black "Martinez Alcantara, Jose Eduardo"]
[Result "0-1"]
[WhiteElo "2285"]
[BlackElo "2617"]
[Annotator "TA"]
[PlyCount "66"]
[EventDate "2020.02.22"]
[EventType "swiss"]
[EventCountry "FRA"]
[SourceTitle "playchess.com"]
[Source "ChessBase"]
[SourceQuality "1"]

{[%evp 15,66,19,25,18,19,20,16,20,13,6,16,0,14,-29,0,0,10,-41,0,0,0,-35,-4,-33,0,-19,-23,-16,0,-70,-66,-221,-203,-161,27,-74,0,0,0,0,0,0,0,0,0,-182,185,-437,-512,-506,-499,-508,-480]} 1. Nf3 c5 2. g3 Nc6 3. Bg2 g6 4. O-O Bg7 5. c4 d6 6. Nc3 e6 7. e3 Nge7 8. d4 O-O 9. dxc5 {9.Re1 is the modern continuation. A37: Symmetrical English vs ...g6: 4 Bg2 Bg7 5 Nf3.} dxc5 10. Qe2 a6 11. Rd1 {The position is equal.} Qc7 12. Bd2 b6 13. h4 Bb7 14. h5 {[#]} Nf5 $146 ({Predecessor:} 14... Ne5 15. Nxe5 Bxe5 16. e4 Nc6 17. Bh6 Rfd8 18. Qg4 Nd4 19. Bg5 Rd7 20. hxg6 hxg6 {1-0 (60) Lagarde,M (2657)-Abasov,N (2632) chess24.com INT 2020}) 15. hxg6 fxg6 16. Be1 (16. g4 $11) 16... Rae8 17. Ne4 Nd8 $36 {[%mdl 2048] White is under pressure.} 18. Qc2 Nf7 (18... Bxb2 $5 19. Rab1 Bg7 $15) 19. Bc3 e5 20. Ne1 h5 21. Rd2 h4 22. Rad1 (22. Qd1 $1 $11 Rd8 23. Rxd8 Rxd8 24. Qg4) 22... Re7 23. g4 $2 {[#]} ({White should play} 23. b4 $15) 23... Nd4 $1 $19 {[%cal Rd4c2][%mdl 512]} 24. Qd3 (24. exd4 exd4) 24... Nh6 $2 (24... Qd7 $19 25. g5 Qg4) 25. f3 (25. g5 $1 $11 {remains equal.} Nhf5 26. b4) 25... Rd8 (25... Nf7 $17) 26. exd4 $11 {Black must now prevent d5.} Bxe4 27. fxe4 (27. Qxe4 $2 exd4 28. Qd3 (28. Qxg6 $2 Rde8 $19) 28... Rde8 $19) 27... exd4 {aiming for ...Rf8.} 28. Re2 $1 Nxg4 {Hoping for ...Qh2+.} 29. Nf3 {And now Be1 would win.} Rf8 {Strongly threatening ...Rxf3.} 30. Be1 $2 (30. e5 $1 $11 {and White has nothing to worry.} dxc3 31. Qxg6) 30... Ref7 $4 {[%mdl 8192] [#]} (30... Bh6 $1 $19 {and all is fine.} 31. e5 (31. Bxh4 $2 Rxf3 32. Bxf3 Be3+ 33. Kf1 Qf4 $19) 31... Be3+ 32. Rxe3 Nxe3 33. Nxh4 Rg7) 31. Bxh4 $4 {[%mdl 8192] [#]} (31. e5 $1 $18 {was the only winning move.} h3 32. e6 (32. Bxh3 Rxf3 33. Qxg6 Rxh3 $11) 32... hxg2 33. exf7+ Qxf7 34. Kxg2) 31... Rxf3 $1 $19 {[%mdl 576] Remove Defender, Decoy. Black is clearly winning.} 32. Bxf3 (32. Qxf3 Qh2+) 32... Ne5 $1 {[%csl LRd3,LRf3][%mdl 64] Double Attack} 33. Bg3 {Bg4 is the strong threat.} Rxf3 {Accuracy: White = 56%, Black = 61%.} 0-1

[Event "36th Cappelle Open 2020"]
[Site "Cappelle-la-Grande"]
[Date "2020.02.26"]
[Round "6.9"]
[White "Dimitrov, Radoslav"]
[Black "Froeyman, Helmut"]
[Result "1/2-1/2"]
[WhiteElo "2519"]
[BlackElo "2251"]
[Annotator "TA"]
[PlyCount "169"]
[EventDate "2020.02.22"]
[EventType "swiss"]
[EventCountry "FRA"]
[SourceTitle "playchess.com"]
[Source "ChessBase"]
[SourceQuality "1"]

{[%evp 9,168,0,0,0,0,0,0,0,0,0,0,-21,-8,-11,0,-21,10,12,20,16,22,22,22,22,32,16,16,14,37,37,37,37,29,22,21,26,22,21,38,16,21,11,14,8,17,17,18,0,19,12,21,20,49,0,9,0,0,0,0,0,0,0,0,0,0,0,0,0,0,0,0,0,0,0,0,-8,-8,-58,-58,-56,-53,-53,-53,-53,-53,-52,0,0,0,0,0,0,8,8,8,8,8,8,8,8,8,8,8,8,8,8,94,94,94,94,94,94,94,94,94,94,94,94,94,94,94,94,94,94,94,94,94,94,94,94,94,94,94,94,94,94,87,87,87,87,87,0,98,87,80,0,8,8,52,87,87,91,98,8,8,8,8,8,8,8,8]} 1. b3 f5 2. Bb2 Nf6 3. Bxf6 exf6 4. c4 d5 5. cxd5 Qxd5 6. Nc3 {A01: Nimzowitsch-Larsen Opening.} Qf7 7. e3 Nc6 {[#]} 8. Bc4 $146 ({Predecessor:} 8. Nh3 g5 9. Bc4 Be6 10. Bxe6 Qxe6 11. Qh5+ Qf7 12. Qxf7+ {½-½ (12) Hebbinghaus,H (2226)-Besenthal,K (2104) Lueneburg 2015}) 8... Be6 9. Bxe6 Qxe6 10. Nge2 O-O-O 11. O-O g5 12. d4 f4 13. d5 Qe5 14. Qc1 {[%cal Re3f4]} Nb4 15. exf4 gxf4 16. Qxf4 (16. Nxf4 Bh6 $17) 16... Nxd5 17. Qxe5 fxe5 18. Rad1 Nf6 19. Rxd8+ Kxd8 20. Rd1+ Bd6 21. Ng3 Ke7 22. Nce4 Nxe4 23. Nxe4 $11 {[%mdl 4096] Endgame KRB-KRN} Rf8 24. g3 Ke6 25. Kg2 Be7 26. h4 c5 27. a4 b6 28. g4 a6 ({But not} 28... Bxh4 $6 29. Rd6+ Ke7 30. Rh6 $16) 29. Rc1 Kd5 30. f3 b5 31. g5 c4 32. bxc4+ bxc4 33. Rb1 Rc8 {White should prevent ...c3.} 34. Rb7 Ke6 35. Rb6+ Kf7 36. Rb2 Ke6 37. Kf2 c3 38. Rc2 Bb4 39. Ke2 a5 40. h5 Kf5 41. Kd3 Rd8+ 42. Kc4 Kf4 43. Rf2 c2 44. Rxc2 Kxf3 45. Nf6 e4 $1 {[%cal Re4e3]} 46. g6 $1 {[%cal Rg6g7]} hxg6 47. hxg6 Rc8+ (47... Bf8 $1 $15 48. Rh2 Rc8+ 49. Kb3 Rc6) 48. Kb3 Rxc2 49. Kxc2 {KB-KN} Bf8 50. Nh7 Bh6 {[#]} 51. Ng5+ $1 {[%mdl 512]} Kf4 $132 {[%mdl 2048] Black has counterplay} (51... Bxg5 52. g7) 52. Ne6+ Ke5 53. g7 Bxg7 $1 54. Nxg7 {KN-KPP} Kd4 55. Kb3 e3 56. Nf5+ Kd3 {( -> ...e2)} 57. Nh4 e2 (57... Kd4 $11) 58. Ng2 $1 $16 Kd4 59. Ne1 $1 Kc5 60. Kc3 {And now Nd3+ would win.} Kd5 {[#]} 61. Nd3 $1 {[%cal Rd3f4]} Kd6 62. Kd4 ({Not} 62. Kd2 Kd5 $18) 62... Kc6 63. Kc4 ({Reject} 63. Ke3 $6 Kd5 $11) 63... Kb6 64. Kd5 Kc7 65. Kc5 Kb7 66. Kb5 Ka7 67. Kxa5 {Black must now prevent Kb5. KN-KP} Kb7 68. Kb5 {Hoping for Ka5.} Ka7 69. Kc4 Ka6 70. Kb4 Kb6 71. Ne1 Ka6 72. Nc2 Kb6 73. Kc3 {Strongly threatening Kb4.} Ka5 74. Kb3 Ka6 75. Nb4+ (75. Ne1 $16) 75... Ka5 (75... Kb7 $11 {keeps the balance.} 76. Nd3 Kb6) 76. Nd3 {aiming for Ka3.} Ka6 {[#]} 77. Kb4 (77. Ne1 $1 $16) 77... Kb6 $11 78. a5+ Ka6 79. Ka4 Ka7 80. Kb5 {Threatens to win with Ne1.} Kb7 81. a6+ (81. Ne1 $16) 81... Ka7 {The position is equal.} 82. Ka5 Ka8 83. Kb6 {Kb5 is the strong threat.} Kb8 84. a7+ Ka8 85. Ne1 {Accuracy: White = 92%, Black = 91%.} 1/2-1/2

[Event "36th Cappelle Open 2020"]
[Site "Cappelle-la-Grande"]
[Date "2020.02.26"]
[Round "6.10"]
[White "Lim, Zhuo Ren"]
[Black "Enchev, Ivajlo"]
[Result "0-1"]
[WhiteElo "2296"]
[BlackElo "2496"]
[Annotator "TA"]
[PlyCount "46"]
[EventDate "2020.02.22"]
[EventType "swiss"]
[EventCountry "FRA"]
[SourceTitle "playchess.com"]
[Source "ChessBase"]
[SourceQuality "1"]

{[%evp 13,46,0,0,-12,23,15,19,0,0,-55,-64,-61,-43,-217,-209,-293,-296,-304,-292,-390,-351,-388,-381,-406,-408,-501,-500,-549,-543,-584,-568,-537,-562,-746,-739]} 1. Nf3 Nf6 2. c4 e6 3. g3 d5 4. d4 Bb4+ 5. Nc3 dxc4 6. Bg2 Nc6 7. O-O O-O 8. Qa4 {is currently scoring better than 8.a3. Played by Vladislav Artemiev in November 2019. E20: Nimzo-Indian: 4 g3 and 4 f3.} Bd7 9. Bg5 Rb8 10. Rfd1 {The position is equal.} b5 {[%cal Bb7b5,Bb5a4,Ba4a3,Ba3b2][%mdl 32] [#]} 11. Bxf6 $146 (11. Nxb5 $11 Be7 12. Nc3 (12. Qxc4 Na5 $17)) ({Predecessor:} 11. Nxb5 a6 12. Nc3 Bxc3 13. bxc3 Nb4 14. Qa3 Nc2 15. Qc5 Nxa1 16. Rxa1 Rb5 17. Qxc4 {½-½ (32) Lodici,L (2482)-Cornette,D (2457) Baden 2019}) 11... bxa4 $15 12. Bxd8 a3 $36 {[%mdl 2048] Black is pushing.} ({Reject} 12... Rbxd8 13. Nxa4 Rb8 14. Nc3 $11) 13. Bxc7 $2 {[#]} (13. bxa3 $15 Bxc3 14. Bxc7 Bxa1 15. Bxb8) 13... axb2 $19 14. Rab1 (14. Ne4 $142 bxa1=R 15. Rxa1) 14... Bxc3 15. Bxb8 Rxb8 16. e3 Na5 17. Bf1 {With the idea Rdc1!} f6 18. Be2 {If only White now had time for Nd2....} Ba4 19. Rf1 Bc2 {Black is clearly winning.} 20. h4 Rb4 21. g4 Ra4 22. Nd2 Rxa2 23. Nxc4 Bxb1 {White got outplayed after the opening. Accuracy: White = 41%, Black = 93%.} 0-1

[Event "36th Cappelle Open 2020"]
[Site "Cappelle-la-Grande"]
[Date "2020.02.26"]
[Round "6.11"]
[White "Godart, Francois"]
[Black "Meurs, Tom"]
[Result "1-0"]
[WhiteElo "2445"]
[BlackElo "2249"]
[Annotator "TA"]
[PlyCount "39"]
[EventDate "2020.02.22"]
[EventType "swiss"]
[EventCountry "FRA"]
[SourceTitle "playchess.com"]
[Source "ChessBase"]
[SourceQuality "1"]

{[%evp 22,39,152,159,331,318,327,341,482,464,507,547,989,922,1039,1039,1016,1009,980,471]} 1. d4 d5 2. c4 c6 3. Nf3 Nf6 4. e3 e6 5. Bd3 Nbd7 6. Nbd2 Bd6 7. O-O O-O 8. e4 dxe4 9. Nxe4 Nxe4 10. Bxe4 f5 11. Bc2 e5 12. Bg5 Qa5 $2 {D46: Semi-Slav: 5 e3 Nbd7 6 Bd3, Black avoids the Meran.} (12... Be7 $16 {might work better.}) 13. dxe5 $18 Bxe5 14. Nxe5 Qxe5 {[#]} (14... Nxe5 $142 15. Re1 Nf7) 15. Re1 $1 {[%cal Re1e5] [#] White is clearly winning.} Qa5 $146 ({Predecessor:} 15... Qxb2 16. Rb1 Qxa2 17. Bb3 Qa5 18. c5+ Kh8 19. Be7 Re8 20. Bf7 Rxe7 21. Rxe7 {1-0 (21) Braun,P (2224)-Schlotterbeck,P (2126) Schwaebisch Gmuend 2016}) 16. Be7 Rf7 {[#]} 17. c5 $1 {[%mdl 512]} Nf6 (17... Nxc5 18. b4) 18. Bxf6 Rxf6 19. Re8+ Kf7 20. Rxc8 {Black did not feel at home in the position after the opening. Accuracy: White = 91%, Black = 24%.} (20. Rd8 $142 h6 {[#]} 21. Rh8 $1 {[%mdl 512]}) 1-0

[Event "36th Cappelle Open 2020"]
[Site "Cappelle-la-Grande"]
[Date "2020.02.26"]
[Round "6.12"]
[White "Dardha, Daniel"]
[Black "Feryn, Benjamin"]
[Result "1-0"]
[WhiteElo "2442"]
[BlackElo "2183"]
[Annotator "TA"]
[PlyCount "57"]
[EventDate "2020.02.22"]
[EventType "swiss"]
[EventCountry "FRA"]
[SourceTitle "playchess.com"]
[Source "ChessBase"]
[SourceQuality "1"]

{[%evp 16,57,36,31,52,45,53,28,57,40,154,164,164,143,155,147,164,173,197,179,209,156,138,133,198,182,227,193,275,85,89,82,156,78,251,248,230,142,308,300,493,483,484,486]} 1. d4 Nf6 2. c4 g6 3. Nc3 Bg7 4. e4 d6 5. Nf3 O-O 6. Be2 e5 7. d5 a5 8. Bg5 h6 9. Be3 Na6 {E92: King's Indian: Classical: 6 Be2 e5: 7 dxe5, 7 Be3 and Petrosian System without 7...Nbd7.} 10. Nd2 Nd7 11. O-O f5 {[#] Threatens to win with ...f4.White has an edge.} 12. f3 {[#]} c5 $146 (12... Nf6 $14) ({Predecessor:} 12... f4 13. Bf2 c5 14. dxc6 bxc6 15. Nb3 Ndc5 16. Qd2 Nxb3 17. axb3 Nc5 18. Ra3 Rb8 {½-½ (35) Mirzoev,E (2405)-Triapishko,A (2530) Batumi 2018}) 13. exf5 $16 gxf5 14. g4 Nf6 15. Kh1 f4 16. Bf2 Nc7 17. Bh4 Qd7 18. g5 hxg5 19. Bxg5 Nh7 (19... Kf7 $16) 20. Rg1 $18 Ne8 21. Nde4 Qh3 (21... Kf7 $142 22. Bd3 Nhf6 23. Bxf6 Bxf6) 22. Qf1 $2 {[#]} (22. Be7 $18 {and the rest is easy.}) 22... Qxf1 $16 23. Raxf1 {aiming for Be7.} Bh3 ({Black should try} 23... Kf7) 24. Rf2 (24. Be7 $142) 24... Nxg5 $2 (24... Kf7 $16 {was worth a try.}) 25. Nxg5 $18 ({Don't do} 25. Rxg5 $6 Kf7 $16) 25... Bf5 26. Rfg2 Rd8 $2 (26... Rf6 $16 27. Nce4 Rh6) 27. Ne6 Bxe6 $2 (27... Rd7 {is a better defense.} 28. Nxf8 Kxf8) 28. dxe6 Rf6 29. e7 {Accuracy: White = 58%, Black = 40%.} 1-0

[Event "36th Cappelle Open 2020"]
[Site "Cappelle-la-Grande"]
[Date "2020.02.26"]
[Round "7.1"]
[White "Bauer, Christian"]
[Black "Moussard, Jules"]
[Result "0-1"]
[WhiteElo "2630"]
[BlackElo "2608"]
[Annotator "TA"]
[PlyCount "122"]
[EventDate "2020.02.22"]
[EventType "swiss"]
[EventCountry "FRA"]
[SourceTitle "playchess.com"]
[Source "ChessBase"]
[SourceQuality "1"]

{[%evp 9,122,-25,-17,-16,-17,-8,-20,-16,-12,-12,-20,-29,-17,-36,0,-7,-14,-15,-6,-8,-16,0,-4,-18,-32,-46,-41,-29,-10,-57,0,0,0,-67,-75,-91,-92,-85,-36,-35,-37,-106,-106,-93,-52,-101,-98,-92,-85,-194,-191,-182,-160,-204,-112,-131,-89,-176,-85,-86,-85,-86,-86,-106,-84,-84,-66,-80,-36,-36,-45,-59,-38,-54,-47,-35,-33,-41,-8,-8,-8,-8,-8,-8,-8,-8,-8,-8,-8,-8,-10,-12,0,-30,0,-43,-31,-46,-52,-1063,-1063,-3018,-2212,-29956,-29956,-29941,-29941,-12794,-12643,-1904,-1316,-29955,0,-8,0]} 1. d4 Nf6 2. Nf3 e6 3. g3 b5 4. Qd3 Ba6 5. a3 c5 6. dxc5 {A46: 1 d4 Nf6 2 Nf3 e6: Torre, London and Colle Systems.} Bxc5 7. b4 Be7 8. Bg2 d5 {[#]} 9. Bb2 $146 ({Predecessor:} 9. Nd4 Qc8 10. Bb2 Nbd7 11. Nd2 O-O 12. O-O Nb6 13. N4b3 Nc4 14. Bd4 Bb7 15. Qc3 {½-½ (45) Pawlowski,W (2192)-Eliseev,V (2209) ICCF email 2016}) 9... O-O 10. Nbd2 Nbd7 11. O-O Qb6 12. e4 dxe4 13. Nxe4 Bb7 14. Nfg5 {And now Nxf6+ would win.} Nxe4 15. Nxe4 Bd5 16. Rfd1 Rfd8 17. Qd4 {[%csl Gb2][%cal Rd4g7]} Bf8 18. a4 Rac8 19. Qd3 {aiming for Ng5!} f5 ({Black should try} 19... Bxe4 $1 $15 20. Qxe4 bxa4) 20. Ng5 $11 Bxg2 21. Kxg2 (21. Qe2 $1 $11 h6 22. Bd4) 21... h6 $15 22. Nf3 {Hoping for Bd4.} bxa4 {Strongly threatening ...Ne5!} ({Of course not} 22... Bxb4 $6 23. Bd4 $14) 23. Qe2 Bxb4 24. Rxa4 a5 $36 {[%mdl 2048] Black is more active.} 25. Ra2 (25. Bd4 $15 Qc6 26. c3 $1 {[%mdl 512]}) 25... Kh7 26. Bd4 Bc5 27. c3 Bxd4 28. cxd4 Nf6 29. Ne5 (29. Rb2 $17 {is a better defense.} Qc6 30. Ra1) 29... Rxd4 $19 30. Rxd4 Qxd4 31. Rxa5 Ne4 (31... Rc3 $1 $19 32. Nf3 Qd7) 32. Nf3 $17 Qb6 33. Re5 (33. Ra6 $17 Qb3 34. Qa2 Qxa2 35. Rxa2) 33... Rc5 (33... Qd6 $19 {is more deadly.} 34. Kh3 Rc3 35. Rxe4 fxe4 36. Qxe4+ Kg8) 34. Qe3 Qd6 35. Rxc5 Nxc5 36. Qd4 Qc6 37. Qc4 g5 {White must now prevent ...g4.} 38. h3 Qd5 39. Qxd5 exd5 $15 {[%mdl 4096] Endgame KN-KN} 40. Nd4 Kg6 41. g4 $1 fxg4 42. hxg4 Nd3 43. Kf3 Ne5+ 44. Kg3 Kf6 45. f4 Ng6 46. fxg5+ hxg5 47. Nf3 Ne5 {( -> ...Nxf3)} 48. Nd4 Ke7 49. Kh3 $1 Kd7 50. Kg2 $1 Ke7 51. Kh3 $1 Kf6 52. Kg3 Kf7 53. Kh3 $1 Ke7 54. Kg3 $2 {[%mdl 8192]} (54. Nf5+ $15 Ke6 55. Nd4+ Kd6 56. Kg3) 54... Kd6 $19 55. Kg2 Nxg4 56. Nf3 {[#]} Ne3+ $1 57. Kf2 g4 58. Nd4 {[#]} Nc4 $1 59. Kg3 Ke5 60. Nc6+ Kd6 $2 (60... Ke4 {mates} 61. Na7 d4 62. Nb5 d3 63. Nc3+ Kf5 64. Nd1 d2 65. Kf2 Ke4 66. Nc3+ Kd3 67. Nd1 Kc2 68. Ke2 g3 69. Kf1 Kxd1 70. Kg2 Ke2 71. Kxg3 d1=Q 72. Kf4 Qd6+ 73. Kf5 Kf3 74. Kg5 Ne3 75. Kh5 Kf4 76. Kh4 Qh6#) 61. Nd4 $11 Ke5 {[%mdl 32768] Accuracy: White = 66%, Black = 78%. . Sensor Board Error (Ke4/e5)?} 0-1

[Event "36th Cappelle Open 2020"]
[Site "Cappelle-la-Grande"]
[Date "2020.02.26"]
[Round "7.2"]
[White "Shchekachev, Andrei"]
[Black "Bellahcene, Bilel"]
[Result "1/2-1/2"]
[WhiteElo "2529"]
[BlackElo "2510"]
[Annotator "TA"]
[PlyCount "60"]
[EventDate "2020.02.22"]
[EventType "swiss"]
[EventCountry "FRA"]
[SourceTitle "playchess.com"]
[Source "ChessBase"]
[SourceQuality "1"]

{[%evp 16,60,30,4,40,30,23,10,42,40,40,23,29,30,34,45,114,101,116,113,119,112,110,84,135,129,134,85,83,91,75,83,76,46,46,35,46,42,30,40,45,46,47,21,21,6,6]} 1. Nf3 Nf6 2. b3 g6 3. Bb2 Bg7 4. e3 O-O 5. c4 d6 6. d4 Nbd7 7. Be2 e5 8. Nc3 Re8 9. Qc2 Nf8 {E60: King's Indian: Unusual lines and Fianchetto Variation without Nc3.} 10. dxe5 dxe5 11. Rd1 Bd7 (11... Qe7 {keeps more tension.} 12. O-O e4 13. Nd2 b6 14. a3 Bb7) 12. O-O {[#]} Qe7 $146 ({Predecessor:} 12... e4 13. Nd2 Qe7 14. Ndb1 c6 15. a3 Qc5 16. b4 Qg5 17. Kh1 Qh4 18. Kg1 Ng4 {0-1 (30) Albrecht,R (2093)-Kurayan,R (2385) Berlin 2018}) 13. Qc1 e4 14. Nd2 c6 15. Qa1 {aiming for Ncxe4!} Bh6 ({Better is} 15... Bf5 $14) 16. Nb5 $36 {[%mdl 2048] Keeping Black busy.} cxb5 17. Bxf6 Qc5 18. cxb5 Bxb5 19. Nc4 Ne6 (19... Nd7 $142) 20. Rd2 $16 Bg5 21. Rfd1 Bxf6 22. Qxf6 Qe7 23. Qe5 Nc5 24. Qxe7 (24. Qd5 {seems wilder.} Bxc4 25. Qxc4 Rac8 26. Rd5 Nd3 27. Qd4) 24... Rxe7 25. Rd5 Bxc4 26. Bxc4 ({Of course not} 26. bxc4 b6 $11) 26... Rc8 27. g4 Kg7 28. Kg2 Rcc7 29. Kg3 Na4 {Threatens to win with ...Nc3.} 30. bxa4 Rxc4 {Accuracy: White = 75%, Black = 74%.} 1/2-1/2

[Event "36th Cappelle Open 2020"]
[Site "Cappelle-la-Grande"]
[Date "2020.02.26"]
[Round "7.3"]
[White "Martinez Alcantara, Jose Eduardo"]
[Black "Kojima, Shinya"]
[Result "1-0"]
[WhiteElo "2617"]
[BlackElo "2397"]
[Annotator "TA"]
[PlyCount "83"]
[EventDate "2020.02.22"]
[EventType "swiss"]
[EventCountry "FRA"]
[SourceTitle "playchess.com"]
[Source "ChessBase"]
[SourceQuality "1"]

{[%evp 9,83,-8,-10,-2,18,20,47,42,43,30,30,30,33,29,29,34,45,45,78,36,39,41,44,0,0,0,0,-10,34,0,0,0,-25,-46,-38,-37,-38,-55,-25,-75,-2,-3,0,-5,32,29,57,69,50,0,0,0,0,0,0,-22,0,0,0,0,0,0,61,62,51,0,0,0,1222,1144,1193,1172,5596,5596,2230,1830]} 1. e4 c6 2. Nf3 d5 3. d3 Bg4 4. Qe2 e6 {[#]} 5. Nbd2 $146 ({Predecessor:} 5. h3 Bxf3 6. Qxf3 Nd7 7. Bf4 Qb6 8. b3 e5 9. Bg3 d4 10. a3 Qa5+ 11. Kd1 {0-1 (32) Hernandez Aleman,R-Alvarez Gutierrez,P (1638) Managua 2019}) 5... Nd7 6. h3 {B10: Caro-Kann: 2 d3 and 2 c4.} Bxf3 (6... Bh5 {is interesting.} 7. g4 Bg6 8. Bg2 h5 9. g5 Bd6) 7. Nxf3 g6 8. c3 {White is slightly better.} Bg7 9. e5 c5 10. Bf4 Ne7 11. g3 h6 12. h4 Qc7 13. Bg2 O-O-O 14. O-O g5 $1 {[%cal Rg5f4]} 15. hxg5 Ng6 {[%cal Rd7e5]} 16. d4 Nxf4 17. gxf4 Nf8 18. Qe3 Ng6 19. Rfe1 (19. dxc5 hxg5 20. fxg5 (20. Nxg5 Nxf4 21. Rfe1 Ng6 $17) 20... Bxe5 $15) 19... Bf8 20. Rac1 Kb8 21. Red1 Be7 22. c4 {[#] aiming for cxd5.} hxg5 23. cxd5 gxf4 24. Qe2 {And now d6 would win.} Rxd5 (24... exd5 $17 {White should prevent ...Qd7.} 25. Kf1 c4) 25. b4 $1 $11 c4 $1 26. Rxc4 Qb6 27. Rdc1 Rhd8 28. Qc2 {White wants to mate with Rc8+.} a6 29. Qc3 Ka7 30. a4 {[%cal Ba2a4,Ba4a5][%mdl 32]} R5d7 31. a5 Qb5 32. Qb2 Nh4 33. Nxh4 Bxh4 34. Rc5 Qd3 {White must now prevent ...f3.} 35. b5 $1 $36 {[%cal Rb5a6][%mdl 2048] White has the initiative.} f3 ({Black should try} 35... axb5 $11 36. Qxb5 (36. Rxb5 f3 $17) 36... Qxd4) 36. bxa6 $1 $14 Qxa6 {Strongly threatening ...Rg8.} ({Worse is} 36... fxg2 37. Qb6+ Kb8 38. a7+ Ka8 39. Rc8+ Rxc8 40. Rxc8#) 37. Bxf3 (37. Qb6+ $1 $14 Qxb6 38. axb6+ Kxb6 39. Rb1+ Ka7 40. Bxf3) 37... Rg8+ $11 38. Kh2 {Be2 is the strong threat.} Bd8 $2 {[%mdl 8192] [#]} (38... Qd3 $11 39. Qb6+ Kb8) 39. Be2 $1 $18 {[%cal Re2a6] White is clearly winning.} f5 40. R1c3 Bxa5 41. Bxa6 {Threatening mate with Rc7!} Bxc3 42. Rxc3 {Accuracy: White = 83%, Black = 68%.} ({And not} 42. Qxc3 Rh7+ 43. Qh3 Rxh3+ 44. Kxh3 Kxa6 $11) 1-0

[Event "36th Cappelle Open 2020"]
[Site "Cappelle-la-Grande"]
[Date "2020.02.26"]
[Round "7.4"]
[White "Guliyev, Namig"]
[Black "Dardha, Daniel"]
[Result "1-0"]
[WhiteElo "2537"]
[BlackElo "2442"]
[Annotator "TA"]
[PlyCount "139"]
[EventDate "2020.02.22"]
[EventType "swiss"]
[EventCountry "FRA"]
[SourceTitle "playchess.com"]
[Source "ChessBase"]
[SourceQuality "1"]

{[%evp 20,139,25,16,13,16,22,8,2,0,10,12,18,0,0,0,0,0,4,4,14,-5,0,-16,0,0,0,14,50,64,86,77,116,72,64,41,43,54,41,45,32,0,4,0,163,0,46,39,46,34,27,27,84,79,255,238,256,252,259,262,373,352,351,260,260,260,259,239,203,212,270,276,258,225,227,226,225,192,187,192,192,191,170,185,188,173,191,177,185,177,237,237,195,185,192,225,212,94,206,8,58,8,495,396,460,533,434,412,506,368,450,432,410,403,5097,5841,6079,5716,5687,5369,4134,4134]} 1. e4 c5 2. Nf3 Nc6 3. d4 cxd4 4. Nxd4 Nf6 5. Nc3 e5 6. Ndb5 d6 7. Bg5 a6 8. Na3 b5 9. Nd5 Be7 10. Bxf6 Bxf6 11. c4 b4 {B33: Sicilian: Pelikan and Sveshnikov Variations.} 12. Nc2 O-O 13. g3 Bg5 {The position is equal.} 14. h4 Bh6 15. Bh3 Be6 16. Kf1 a5 17. Kg2 Nb8 {[%cal Bc6b8,Bb8d7,Bd7c5][%mdl 32]} 18. Qd3 Nd7 19. Rad1 Nc5 20. Qf3 {[#]} Rb8 $146 ({Predecessor:} 20... Ra7 21. b3 Kh8 22. Rhe1 Qc8 23. Rh1 Bxh3+ 24. Rxh3 f5 25. exf5 Rxf5 26. Qe2 Raf7 {0-1 (63) Nevednichy,V (2542)-Moiseenko,A (2659) Batumi 2018}) 21. b3 Qd7 22. Bf5 Kh8 23. Qh5 Nxe4 24. Bxe4 {And now Nf6 would win.} f5 $1 {[%cal Rf5e4]} 25. Bd3 $1 e4 26. f4 (26. Be2 $2 Bf7 $19) 26... Bf7 27. Qe2 Bxd5 28. cxd5 {Ba6 is the strong threat.} exd3 29. Rxd3 Rfe8 30. Qf3 Rbc8 31. Nd4 Re4 $2 (31... g6 $11) 32. Rhd1 $2 (32. Qh5 $18) 32... Qf7 33. Ne6 g6 34. Re3 Rxe3 35. Qxe3 {Threatens to win with Rc1.} Bg7 (35... Qb7 $1 $11) 36. Qb6 $1 $16 Rc2+ $2 (36... Qd7 $16) 37. Kh3 $1 $18 h6 38. Qd8+ ({Stronger than} 38. Qxa5 g5 $11) ({But not} 38. Qxd6 $6 Bf6 $16) 38... Kh7 {Black wants to play ...Bf6.} 39. Nxg7 Kxg7 {[%mdl 4096] Endgame [#] KQR-KQR} (39... Qxg7 $142 40. Re1 Rc7 41. Qxd6 Qc3) 40. Re1 $1 {[%cal Re1e7]} Rc7 {intending ...Qd7.} 41. Qxd6 {aiming for Re6.} Rd7 42. Qe5+ Qf6 43. Kg2 Qxe5 44. Rxe5 {KR-KR} Kf7 {[#]} 45. h5 $1 {[%mdl 512]} Rc7 (45... gxh5 46. Rxf5+) 46. hxg6+ Kxg6 47. Re6+ Kf7 48. Kf2 (48. Rxh6 Rc2+ 49. Kh3 Rxa2 $11) 48... Rc2+ {[#]} 49. Re2 $1 {[%cal Re2c2]} Rc3 50. d6 Rd3 51. Re5 Kf6 52. Rxa5 Rxd6 53. Ke3 Rc6 54. Ra4 Rc3+ (54... Rc2 $142 55. Kd4 (55. Rxb4 Rxa2 56. Rb6+ Kg7 $16) 55... h5 56. Rxb4 Rxa2) 55. Kd4 Rxg3 56. Rxb4 h5 57. Rb6+ Kg7 58. Re6 (58. Rc6 $18) 58... h4 (58... Rf3 $16) 59. Re3 $2 (59. Re2 $18) 59... Rg4 (59... Kh6 {keeps more tension.} 60. a4 Kh5 61. a5 Kg4 62. a6 Rg1) 60. Rf3 {Black must now prevent b4.} Kf6 $2 {[%mdl 8192]} (60... Kh6 $11 {and Black has nothing to worry.}) 61. b4 Ke6 62. a4 {[%cal Ba2a4,Ba4a5,Ba5a6][%mdl 32]} Kd6 63. Kc4 Rg3 64. Rf1 h3 65. Rh1 Rf3 66. Kb5 Rc3 (66... Kd5 $142 67. a5 Ra3) 67. a5 {White is clearly winning.} Kc7 68. a6 Re3 69. Rg1 Re7 70. Rg8 {Accuracy: White = 78%, Black = 58%.} 1-0